000 00485nam a2200205Ia 4500
003 OSt
005 20240213114954.0
008 210210b1976 xxu||||| |||| 00| 0 eng d
040 _cAL
041 _aHindi
082 _aH891.4 SAHI
100 _a-
_9150874
245 _aSahity sudha
_b साहित्य सुधा
260 _aIndia
_bSarakara
_c1976
300 _a139
650 _aI PUC
_9150875
690 _aHindi Prose
_9150876
906 _a032409
942 _2ddc
_cBK
999 _c83372
_d83372